Pottery analysis : a sourcebook
Αποθηκεύτηκε σε:
| Κύριος συγγραφέας: | |
|---|---|
| Μορφή: | Βιβλίο |
| Γλώσσα: | English |
| Δημοσίευση: |
Chicago :
The University of Chicago Press,
1987
|
| Θέματα: | |
| Ετικέτες: |
Προσθήκη ετικέτας
Δεν υπάρχουν, Καταχωρήστε ετικέτα πρώτοι!
|
MARC
| LEADER | 00000nam a2200000 i 4500 | ||
|---|---|---|---|
| 001 | 1/89159 | ||
| 008 | 990910s1987 eng d | ||
| 020 | |a 0-226-71118-8 | ||
| 035 | |l 10052717 | ||
| 040 | |a GR-MY-UA |b gre |e aacr | ||
| 041 | 0 | |a eng | |
| 082 | 0 | |a 738 | |
| 100 | 1 | |a Rice, Prudence M. | |
| 245 | 1 | 0 | |a Pottery analysis : |b a sourcebook / |c Prudence M.Rice |
| 260 | |a Chicago : |b The University of Chicago Press, |c 1987 | ||
| 300 | |a 559 p. | ||
| 650 | 0 | 0 | |a Pottery |x History. |
| 650 | 0 | 0 | |a Pottery |x Expertising. |
| 650 | 0 | 0 | |a Pottery |x Analysis. |
| 650 | 0 | 0 | |a Ceramics. |
| 852 | |a INST |b RHODES |e 19990910 |h 738 RIC |p 005400011864 |q 005400011864 |t BK |y 0 | ||
| 852 | |a INST |b RHODES |e 20000324 |h 738 RIC |p 005400013757 |q 005400013757 |t BK |y 0 | ||
| 901 | |a BIBL4-1999-2 | ||
| 909 | |a Ρ |b 066660 | ||
| 909 | |a Ρ |b 072669 | ||
| 922 | |a 4ΕΛΗ |b 199906 |c ΚΠΣ/124 |d LEADER | ||
| 922 | |a 4ΔΩΡ |b 200003 |c ΔΩΡΕΑ/ΜΣ | ||
| 970 | |a ΤΕΡΝΕΖΗΣ |b ΧΡΗΣΤΟΣ |z 1999/09/10 | ||